000
00226 a2200097 4500
001
44448
100
_a
Mannan
245
_a
Economic Problems & Planning in Pakistan
260
_a
Karachi
_b
Feroz Sons
_c
090
_c
28162
_d
28162
942
_a
NUST-CAE
_c
M
_c
20183
999
_c
279521
_d
279521